000 00626nam a2200181 i 4500
001 31100
003 ES-MaACL
005 20230906154317.0
007 t|
008 030128s1861 fr ||||1| fre d
100 1 _aBazin, Antoine-Pierre Ernest.
_926746
245 1 0 _aLeçons théoriques et cliniques sur la scrofule considérée en elle-nême et dans ses rapports avec la syphilis la dartre et l'arhristis /
_cpar Antoine-Pierre Ernest Bazin.
250 _a2eme ed.
260 _aParís :
_b[s.n.,
_c1861] (
_fE. Martinet)
300 _aXXXV, 668 p. ;
_c22 cm.
650 0 4 _aSífilis.
_917092
852 _aES-MaACL
_jG-14080
999 _c31100
_d31100